All KLM Destinations (2025) - Statistics

General Stats
  • This quiz has been taken 368 times
    89 since last reset
  • The average score is 129 of 169
Answer Stats
Hint Answer % Correct
United Kingdom London (City)
96%
United Kingdom London (Heathrow)
96%
Argentina Buenos Aires
94%
Canada Toronto
94%
Netherlands Amsterdam
93%
Spain Madrid
93%
United States New York (JFK)
93%
Italy Rome
93%
Brazil Sao Paulo
93%
Germany Berlin
91%
Belgium Brussels
91%
UAE Dubai
91%
Ireland Dublin
91%
United Kingdom Manchester
91%
Italy Milan (Linate)
91%
Germany Munich
91%
India New Delhi
91%
Norway Oslo (OSL)
91%
France Paris (CDG)
91%
Brazil Rio de Janeiro
91%
United States San Francisco
91%
Sweden Stockholm
91%
Israel Tel Aviv
91%
Japan Tokyo
91%
Poland Warsaw
91%
Greece Athens
90%
Spain Barcelona
90%
China Beijing
90%
Germany Frankfurt
90%
Germany Hamburg
90%
South Korea Seoul
90%
Singapore Singapore
90%
Canada Vancouver
90%
Austria Vienna
90%
United States Boston
88%
South Africa Cape Town
88%
Denmark Copenhagen
88%
United Kingdom Edinburgh
88%
United Kingdom Glasgow
88%
Finland Helsinki
88%
Indonesia Jakarta
88%
South Africa Johannesburg
88%
Portugal Lisbon
88%
United States Los Angeles
88%
Mexico Mexico City
88%
United States Miami
88%
Canada Montreal
88%
India Mumbai
88%
Italy Naples
88%
United States Washington (Dulles)
88%
Switzerland Zurich
88%
United States Chicago (ORD)
87%
Germany Dusseldorf
87%
Hong Kong Hong Kong
87%
United States Houston
87%
Turkey Istanbul
87%
Luxembourg Luxembourg
87%
Philippines Manila
87%
Portugal Porto
87%
China Shanghai
87%
Taiwan Taipei
87%
Thailand Bangkok
85%
Colombia Bogota
85%
Romania Bucharest
85%
Hungary Budapest
85%
Poland Krakow
85%
Peru Lima
85%
France Marseille
85%
France Nice
85%
Panama Panama City
85%
Czechia Prague
85%
Chile Santiago
85%
Italy Venice
85%
Croatia Zagreb
85%
Canada Calgary
84%
Switzerland Geneva
84%
Malaysia Kuala Lumpur
84%
Nigeria Lagos
84%
Japan Osaka
84%
Germany Stuttgart
84%
United States Atlanta
82%
Serbia Belgrade
82%
Norway Bergen
82%
France Bordeaux
82%
Italy Florence
82%
Spain Malaga
82%
Saudi Arabia Riyadh
82%
Costa Rica San Jose
82%
United Kingdom Belfast
81%
United Kingdom Birmingham
81%
France Lyon
81%
Kenya Nairobi
81%
Croatia Split
81%
Spain Valencia
81%
Switzerland Basel/Mulhouse/Frieburg
79%
Italy Bologna
79%
Mexico Cancun
79%
France Toulouse
79%
Barbados Barbados
78%
United Kingdom Cardiff
78%
Tanzania Dar es Salaam
78%
Canada Edmonton
78%
Sweden Gothenburg
78%
United States Las Vegas
78%
Slovenia Ljubljana
78%
Ecuador Quito
78%
Ghana Accra
76%
Spain Bilbao
76%
Ireland Cork
76%
Italy Turin
76%
Indonesia Denpasar
75%
Poland Gdansk
73%
United Kingdom Newcastle
73%
India Bangalore
72%
Croatia Dubrovnik
72%
United Kingdom Leeds / Bradford
72%
Suriname Paramaribo
72%
Norway Trondheim
72%
Poland Wroclaw
72%
United Kingdom Bristol
70%
France Nantes
70%
United States San Diego
70%
Spain Alicante
69%
Guyana Georgetown
69%
United Kingdom Aberdeen
67%
Germany Hanover
67%
Cyprus Larnaca
67%
Tanzania Zanzibar
67%
Italy Catania
66%
Rwanda Kigali
66%
Denmark Billund
64%
India Hyderabad
64%
Germany Nuremberg
64%
Trinidad & Tobago Port of Spain
64%
United States Salt Lake City
64%
Norway Stavanger
64%
Netherlands Aruba
61%
Germany Bremen
61%
Netherlands Curacao
60%
Italy Genoa
60%
United States Minneapolis
60%
France Montpellier
60%
United Kingdom Southampton
60%
United States Austin
58%
Italy Cagliari
58%
Cyprus Paphos
58%
Ecuador Guayaquil
57%
Spain Ibiza
57%
Denmark Aalborg
55%
Colombia Cartagena
55%
Saudi Arabia Dammam
54%
United Kingdom Inverness
54%
Netherlands Bonaire
52%
Poland Poznan
52%
United States Portland
51%
Tanzania Kilimanjaro
49%
France Rennes
49%
Finland Rovaniemi
49%
Netherlands Sint Maarten
49%
Uganda Entebbe
48%
United Kingdom Norwich
46%
Norway Alesund
42%
France Biarritz
40%
United Kingdom Exeter
34%
Finland Kittila
34%
Sweden Linkoping
34%
Norway Kristiansand
33%
United Kingdom Humberside
24%
United Kingdom Durham
13%
No matching quizzes found
Score Distribution
Percent of People with Each Score
Percentile by Number Answered
Your Score History
You have not taken this quiz since the last reset